Prudentia Iuris : (Registro nro. 22214)
[ vista simple ]
| 000 -Cabecera | |
|---|---|
| Campo de control interno | 00957nam a22002657a 4500 |
| 005 - Fecha y hora del registro | |
| control field | 20260421094831.0 |
| 008 - Elementos de Longitud Fija | |
| fixed length control field | 260410b |||||||| |||| 00| 0 spa d |
| 022 ## - ISSN | |
| ISSN | 03262774 |
| 041 ## - Idioma | |
| Codigo Idioma | ESP |
| 082 ## - DEWEY y NOTACIÓN INTERNA | |
| Dewey | HR 340 JUN 2025 |
| Notación Interna | PI |
| 100 ## - AUTOR | |
| Autor denominación | , |
| 110 ## - AUTOR INSTTITUCIONAL | |
| Autor Institucional | Pontificia Universidad Católica Argentina Santa María de los Buenos Aires |
| 245 ## - TÍTULO DE MATERIAL BIBLIOGRÁFICO | |
| Título | Prudentia Iuris : |
| Título paralelo | revista de la Facultad de Derecho de la Pontificia Universidad Católica Argentina Santa María de Buenos Aires |
| 260 ## - CIUDAD, EDITORIAL, AÑO | |
| Ciudad | Buenos Aires : |
| Nombre de la Editorial | Universidad Católica Argentina, |
| Año | 2025 |
| 300 ## - DESCRIPCIÓN | |
| N° Páginas | 344 páginas : |
| Otros detalles | ; |
| Dimensiones | 23 cm. |
| 440 ## - MENCIÓN DE SERIE | |
| Título de la Serie | ; |
| 505 ## - TABLA DE CONTENIDO | |
| Tabla de Contenido | Número 99 Junio 2025 |
| 650 ## - TEMAS | |
| Temas | Ciencias Sociales |
| 653 ## - DESCRIPTORES | |
| Lenguajes no controlado | Derecho - Revista |
| 654 ## - PROGRAMAS | |
| Programa | Dpto. de Derecho y Ciencia Política |
| 700 ## - OTROS AUTORES | |
| Otros autores | ; |
| 856 ## - URL - UBICACIÓN | |
| URI/URL: Enlace exacto del recurso | <a href="https://0u214xbmy-y-https-app-vlex-com.itmsp.museknowledge.com/search/jurisdiction:PE/prudentia+iuris+revista">https://0u214xbmy-y-https-app-vlex-com.itmsp.museknowledge.com/search/jurisdiction:PE/prudentia+iuris+revista</a> |
| Nota pública: Versión digital | <a href="Véase además: Base de datos Vlex">Véase además: Base de datos Vlex</a> |
| 942 ## - ELEMENTOS DE KOHA | |
| Tipo de documento | Revista |
| Nombre del creador | Justo Noguera |
| Código de catalogador | Mirtha Ponce |
| Suppress in OPAC | No |
| Esquema de clasificación | Dewey Decimal Classification |
| Codigo completo | Registro | Colección | Copia número | Disponibilidad | Tipo de préstamo | Biblioteca Actual | Procedencia (Biblioteca) | Ubicacón | Fecha Ingreso | Tipo de Adquisición | Observación | Date last seen | Total checkouts | Price effective from | Tipo de Item | Estado del Material | Fuente de Clasificación | Damaged status | Withdrawn status |
|---|---|---|---|---|---|---|---|---|---|---|---|---|---|---|---|---|---|---|---|
| HR 340 JUN 2025 PI | 1088306 | Universidad Católica San Pablo | 1 | No disponible | Proceso | Víctor Andrés Belaunde | Víctor Andrés Belaunde | Planta baja abierta | 10/04/2026 | Donación | P.U.C.A.S.M.B.A. | 10/04/2026 | 10/04/2026 | Revista | Bueno | Dewey Decimal Classification | Withdrawn |




